|
|
|
|
| LEADER |
01448nam a2200409Ia 4500 |
| 001 |
EBC415834 |
| 003 |
MiAaPQ |
| 005 |
20200520144314.0 |
| 006 |
m o d | |
| 007 |
cr cn||||||||| |
| 008 |
060728s2007 enka sb 001 0 eng d |
| 010 |
|
|
|z 2006024501
|
| 020 |
|
|
|z 0195300734
|
| 020 |
|
|
|z 9780195300734
|
| 035 |
|
|
|a (MiAaPQ)EBC415834
|
| 035 |
|
|
|a (Au-PeEL)EBL415834
|
| 035 |
|
|
|a (CaPaEBR)ebr10271394
|
| 035 |
|
|
|a (CaONFJC)MIL84620
|
| 035 |
|
|
|a (OCoLC)437096034
|
| 040 |
|
|
|a MiAaPQ
|c MiAaPQ
|d MiAaPQ
|
| 050 |
|
4 |
|a HG3260.A7
|b B40 2007
|
| 082 |
0 |
4 |
|a 332.4/95694
|2 22
|
| 100 |
1 |
|
|a Barkai, Haim,
|d 1925-
|
| 245 |
1 |
4 |
|a The Bank of Israel.
|n Volume 2
|h [electronic resource] /
|c edited by Nissan Liviatan, Haim Barkai.
|
| 260 |
|
|
|a Oxford ;
|a New York :
|b Oxford University Press,
|c 2007.
|
| 300 |
|
|
|a xiii, 199 p. :
|b ill.
|
| 504 |
|
|
|a Includes bibliographical references and index.
|
| 533 |
|
|
|a Electronic reproduction. Ann Arbor, MI : ProQuest, 2015. Available via World Wide Web. Access may be limited to ProQuest affiliated libraries.
|
| 610 |
2 |
0 |
|a Bank Yisrael.
|
| 650 |
|
0 |
|a Banks and banking
|z Israel.
|
| 650 |
|
0 |
|a Monetary policy
|z Israel.
|
| 650 |
|
0 |
|a Money
|z Israel
|x History.
|
| 655 |
|
4 |
|a Electronic books.
|
| 700 |
1 |
|
|a Liviatan, Nissan.
|
| 700 |
1 |
|
|a Barkai, Haim,
|d 1925-
|
| 710 |
2 |
|
|a ProQuest (Firm)
|
| 856 |
4 |
0 |
|u https://ebookcentral.proquest.com/lib/matrademy/detail.action?docID=415834
|z Click to View
|